000 00650nam a2200241 a 4500
001 BRL_340
005 20190320210708.0
008 300713s1998----mx-a######---#000-0#spa-#
020 _a9683668690
041 _aspa
044 _amx
050 4 _aGT4995
_b.O37 1998
245 1 0 _aOfrenda de muertos.
260 _aMéxico
_bUNAM
_c1998
300 _a125 p.
_bil. a color
_c22 cm.
500 _aIncluye Apéndice: premios y menciones
500 _aAu321
650 1 4 _aDía de muertos
_zMéxico
_923603
650 1 4 _aDía de todos los santos
_zMéxico
_95138
651 4 _aMéxico
_xVida social y costumbres
_9769
902 _aGRL
942 _2lcc
_cB
999 _c9153
_d9153